| 000 | 00499nam a22001817a 4500 | ||
|---|---|---|---|
| 005 | 20251108172202.0 | ||
| 008 | 250721s9999 xx 000 0 ara d | ||
| 082 | 1 | 4 | _aط/ق/طال |
| 100 | 1 | _aعزوز، علي | |
| 245 | 1 | 0 | _aطالع تستفيد / |
| 264 | 1 |
_aتونس : _bمكتبة النجاح، |
|
| 300 | _a24ص | ||
| 490 | 0 | _aسلسلة طالع تستفيد ؛ 3 | |
| 650 | 1 | 7 | _aأدب الأطفال |
| 700 | 1 | _aالبرجيني، محمد | |
| 942 |
_2ddc _cBK |
||
| 999 |
_c72605 _d72605 |
||